00882nam a2200229 a 450000100100000000500170001000800410002702000150006804000250008308200200010810000320012824500500016026000360021030000200024659000260026665000290029265000310032191000420035295201230039495201180051799900170063500001450220240412074241.0100113s1994 xxc 000 0 spa d a2980409707 aDO-SdBNPbspacBNPHU aRD863.44bM839a1 aMorel, Eucilda Jorge93275414aLos aretes de la luna /cEucilda Jorge Morel. aMontreal :bFourmi Rose,c1994. a80 p. ;c21 cm. aInventariado, 2020/BT 0aCuentos dominicanos9176 0aLiteratura dominicana.967 aValidado. Control de calidad. MMOLINA 001050718MOaPDbPDcHDd2010-01-13iLF1l0oRD863.44 M839ap14502-10r2020-06-25te.2w2020-06-25y1ZNo se presta 001050718MOaPDbPDcHDd2010-01-13iLF1l0oRD863.44 M839ap14502-20r2020-06-25w2020-06-25y1ZNo se presta c14091d14091